Анжелика и султан: [Роман : Перевод]

গ্রন্থ-পঞ্জীর বিবরন
প্রধান লেখক: Голон А. Анн
অন্যান্য লেখক: Голон С. Серж
ভাষা:রুশ
প্রকাশিত: Москва, Советский композитор, 1990
বিষয়গুলি:
বিন্যাস: গ্রন্থ
KOHA link:https://koha.lib.tpu.ru/cgi-bin/koha/opac-detail.pl?biblionumber=83314

MARC

LEADER 00000nam1a2200000 4500
001 83314
005 20231031100139.0
010 |a 5852852945 
020 |a RU  |b 90-72468 
035 |a (RuTPU)RU\TPU\book\89545 
090 |a 83314 
100 |a 20051014d1990 m y0rusy5003 ca 
101 1 |a rus  |c eng 
200 1 |a Анжелика и султан  |e [Роман : Перевод]  |f Анн и Серж Голон 
210 |a Москва  |c Советский композитор  |d 1990 
215 |a 106,[1] с.  |d 21 см 
312 |a Продолж. романа "Анжелика и король" 
610 1 |a любовные романы 
610 1 |a любовь 
610 1 |a Франция 
610 1 |a французская литература 
610 1 |a Марокко 
675 |a 84  |z rus 
700 1 |a Голон  |b А.  |g Анн 
701 1 |a Голон  |b С.  |g Серж  |4 070 
801 0 |a RU  |b RuMRKP  |c 19950417  |g psbo 
801 1 |a RU  |b 63413507  |c 20051014  |g PSBO 
801 2 |a RU  |b 63413507  |c 20051014  |g PSBO 
942 |c BK